| 000 | 00368cam a2200145ua 4500 | ||
|---|---|---|---|
| 041 |
_aeng _h |
||
| 082 |
_a823.308 _bMAL/WO |
||
| 100 | _aMalory, Thomas . | ||
| 245 |
_aWorks of Sir Thomas Malory / _cThomas Malory. _hTextual Documents |
||
| 260 |
_aLondon : _bOxford University Press , _c1962. |
||
| 300 | _a917 ; . | ||
| 504 | _a | ||
| 942 | _cBK | ||
| 999 |
_c978 _d978 |
||